000 00317nam a22001217a 4500
008 170216b xxu||||| |||| 00| 0 eng d
050 _aJA1.P63(1976 Vol.24)
245 _aPolitical Studies. /
260 _aLondon:
_bOxford Univ. Press,
_c408/225/16
300 _avii,541p.:
700 _aL.J Sharpe.
942 _2lcc
_cBK
999 _c6278
_d13778